Understanding econometrics

Bewaard in:
Bibliografische gegevens
Hoofdauteur: Halcoussis, Dennis
Formaat: Boek
Taal:Undetermined
Gepubliceerd in: Victoria, Australia Thomson (South-Western) 2005
Onderwerpen:
Tags: Voeg label toe
Geen labels, Wees de eerste die dit record labelt!
Thư viện lưu trữ: Trung tâm Học liệu Trường Đại học Cần Thơ
LEADER 00535nam a2200193Ia 4500
001 CTU_106005
008 210402s9999 xx 000 0 und d
020 |c 1699710 
082 |a 330.015195 
082 |b H157 
100 |a Halcoussis, Dennis 
245 0 |a Understanding econometrics 
245 0 |c Dennis Halcoussis 
260 |a Victoria, Australia 
260 |b Thomson (South-Western) 
260 |c 2005 
650 |a Econometrics 
904 |i Minh (Nguyên sửa) 
980 |a Trung tâm Học liệu Trường Đại học Cần Thơ